Wszystkie stacje magistrali węglowej - Statystyki

Ogólne statystyki
  • Ten quiz został rozwiązany 17 razy
  • Średni wynik to 38 z 102
Statystyki odpowiedzi
Linia kolejowa Kilometraż Stacje % Poprawnych
131 5,9 Chorzów Batory
94%
201 204,7 Gdynia Główna
94%
131 17,4 Bytom
82%
131 33,8 Tarnowskie Góry
82%
131 40,2 Miasteczko Śląskie
76%
131 9 Chorzów Miasto
71%
201 24,2 podg. Bydgoszcz Leśna
71%
201 21,3 Bydgoszcz Wschód
65%
131 20 Bytom Karb
65%
131 12,3 Chorzów Stary
65%
131 324,9 Inowrocław
65%
131 27,4 Radzionków
65%
201 206 Gdynia Port
59%
131 48 Kalety
59%
131 168,8 Zduńska Wola Karsznice
59%
201 195,6 Gdynia Karwiny
53%
201 137,3 Kościerzyna
53%
131 30,1 Nakło Śląskie
53%
131 346,1 Nowa Wieś Wielka
53%
201 0 Nowa Wieś Wielka
53%
131 203,2 Poddębice
53%
131 22,6 Radzionków Rojca
53%
201 10,1 Bydgoszcz Emilianowo
47%
131 124,2 Chorzew Siemkowice
47%
131 8,1 Chorzów Uniwersytet
47%
201 188,5 Gdańsk Osowa
47%
201 201,7 Gdynia Stadion
47%
201 194,9 Gdynia Wielki Kack
47%
131 69,4 Herby Nowe
47%
131 331,7 Jaksice
47%
201 33,5 Maksymilianowo
47%
131 179,6 Szadek
47%
201 177,9 Żukowo
47%
201 178,8 Żukowo Wschodnie
47%
131 260,7 Babiak
41%
201 116,7 Bąk
41%
131 23,8 Bytom Stroszek
41%
131 317 Inowrocław Rąbinek
41%
131 89,2 Kłobuck
41%
201 124,1 Olpuch
41%
131 284 Piotrków Kujawski
41%
201 184,3 Rębiechowo
41%
201 162,8 Somonino
41%
201 71,3 Wierzchucin
41%
201 170,7 Babi Dół
35%
131 59,7 Boronów
35%
201 94,4 Lipowa Tucholska
35%
201 126,2 Olpuch Wdzydze
35%
131 191 Otok
35%
131 22,7 podg. Bytom Północny
35%
131 54 Strzebiń
35%
201 56,6 Świekatowo
35%
201 111 Wojtal
35%
131 337,9 Złotniki Kujawskie
35%
201 63,3 Błądzim
29%
131 229,5 Dąbie nad Nerem
29%
201 149,4 Gołubie Kaszubskie
29%
131 221,5 Kraski
29%
201 102,9 Łąg Południowy
29%
201 53,5 Lubania Lipiny
29%
201 181,5 Pępowo Kartuskie
29%
131 136,5 Rusiec Łódzki
29%
201 142,6 Skorzewo
29%
201 106,2 Szałamaje
29%
201 156,3 Wieżyca
29%
201 45,9 Wudzyn
29%
131 167,5 Zduńska Wola Południowa
29%
201 175,5 Borkowo
24%
131 146,6 Chociw Łaski
24%
201 166,4 Kiełpino Kartuskie
24%
201 153,6 Krzeszna
24%
201 78,3 Małe Gacno
24%
131 101 Miedźno
24%
131 244 podg. Borysławice
24%
201 174,5 podg Glincz
24%
201 132,2 Podleś
24%
131 240,5 Ponętów
24%
201 89 Rosochatka
24%
201 50,3 Serock
24%
201 160,9 Sławki
24%
201 41,7 Stronno
24%
131 79,1 Wręczyca
24%
201 84,4 Zarośle
24%
201 74,7 Zielonka Pomorska
24%
131 294,6 Chełmce
18%
131 113,2 Działoszyn
18%
131 131,2 Huta
18%
131 306,3 Karczyn
18%
131 213,1 Kłudna
18%
131 157,1 Kozuby
18%
131 251,3 Lipie Góry
18%
131 173,7 podg. Dionizów
18%
131 67,1 podg. Kalina
18%
131 321 podg. Mimowola
18%
131 271,9 Zaryń
18%
131 106,3 Annolesie
12%
131 300,9 Bachorce
12%
131 162,1 Kustrzyce
12%
201 60,1 Lipienica
12%
131 267,4 Lubotyń
12%
131 95 Mokra Częstochowska
12%
131 152,9 Siedlce Łaskie
12%
Nie znaleziono quizów pasujących do podanych kryteriów
Rozkład punktacji
Procent ludzi z każdym wynikiem
Percentyl według liczby udzielonych odpowiedzi
Twoja historia wyników
Nie rozwiązałeś tego quizu